书目信息 |
| 题名: |
中国文化史研究
|
|
| 作者: | 张昭军 主编 | |
| 分册: | 2024年第2期 总第2期 | |
| 出版信息: | 北京 商务印书馆 2024.11 |
|
| 页数: | 236页 | |
| 开本: | 26cm | |
| 丛书名: | ||
| 单 册: | ||
| 中图分类: | K203 | |
| 科图分类: | ||
| 主题词: | 文化史--研究--中国 | |
| 电子资源: | ||
| ISBN: | 978-7-100-24428-2 | |
| 000 | 01304nam0 2200241 450 | |
| 001 | 01065351 | |
| 005 | 20251022201407.96 | |
| 010 | @a978-7-100-24428-2@dCNY98.00 | |
| 100 | @a20250126d2024 em y0chiy0120 ea | |
| 101 | 0 | @achi@eeng |
| 102 | @aCN@b110000 | |
| 105 | @ay z 000yy | |
| 106 | @ar | |
| 200 | 1 | @a中国文化史研究@9zhong guo wen hua shi yan jiu@h2024年第2期 总第2期@f张昭军主编 |
| 210 | @a北京@c商务印书馆@d2024.11 | |
| 215 | @a236页@d26cm | |
| 304 | @a英文共同题名:Studies in Chinese cultural history | |
| 330 | @a本书是由文化史研究重镇北京师范大学历史学院与中国史学会传统文化专业委员会联合创办的学术连续出版物,计划每年两期。本出版物坚持以唯物史观为指导,旨在推动对中国文化做历史的研究:入古出新,实事求是,从历史中探求中国文化之新义,建设有意义之史学。本书注重文化史学科建设与理论探索,专刊思想文化史、学术文化史、社会文化史、政治文化史、大众文化史、中外文化交流史、新文化史诸领域,以及运用全球史学、阐释学等理论方法研究中国文化的优秀成果。设有“专题研究”“文化史理论”“文化史家”“新著评论”等专栏。总第2期收录十余篇文章,内容包括刘家和先生学术思想研究、中国传统思想史专题研究、中国文化与世界、文化史理论等。 | |
| 606 | 0 | @a文化史@x研究@y中国 |
| 690 | @aK203@v5 | |
| 701 | 0 | @a张昭军@9zhang zhao jun@4主编 |
| 801 | 0 | @aCN@c20250905 |
| 905 | @a河南城建学院图书馆@dK203@eZ242:2@ZZ242:2@f1 | |
| 中国文化史研究.2024年第2期 总第2期/张昭军主编.-北京:商务印书馆,2024.11 |
| 236页;26cm |
| ISBN 978-7-100-24428-2:CNY98.00 |
| 本书是由文化史研究重镇北京师范大学历史学院与中国史学会传统文化专业委员会联合创办的学术连续出版物,计划每年两期。本出版物坚持以唯物史观为指导,旨在推动对中国文化做历史的研究:入古出新,实事求是,从历史中探求中国文化之新义,建设有意义之史学。本书注重文化史学科建设与理论探索,专刊思想文化史、学术文化史、社会文化史、政治文化史、大众文化史、中外文化交流史、新文化史诸领域,以及运用全球史学、阐释学等理论方法研究中国文化的优秀成果。设有“专题研究”“文化史理论”“文化史家”“新著评论”等专栏。总第2期收录十余篇文章,内容包括刘家和先生学术思想研究、中国传统思想史专题研究、中国文化与世界、文化史理论等。 |
| ● |
| 相关链接 |
|
|
|
正题名:中国文化史研究
索取号:K203/Z242:2
 
预约/预借
| 序号 | 登录号 | 条形码 | 馆藏地/架位号 | 状态 | 备注 |
| 1 | 1631626 | 216316261 | 社科库309/309社科库 106排2列3层/ [索取号:K203/Z242:2] | 在馆 |